Statistiques concernant Principaux fleuves et rivières d'Allemagne sur une carte

Cliquez ici pour prendre le quiz!

Statistiques générales

  • Ce quiz a été pris 33 fois
    (28 depuis la dernière actualisation)
  • Le résultat moyen est 10 sur 23

Réponses sur la Carte

Les réponses sont colorées sur une échelle allant du rouge au vert en fonction du pourcentage des utilisateurs qui les ont devinées à leur premier essai. Vous pouvez retrouver ces pourcentages ci-dessous.
 

Statistiques - réponses

Longueur (km)Fleuve% Correct
2 850Danube
96%
1 233Rhin
96%
1 094Elbe
84%
544Moselle
84%
854Oder
80%
524Main
76%
382Sprée
56%
517Inn
52%
246Sarre
44%
384Neckar
40%
451 (+298)Weser (+Werra)
36%
292Isar
32%
254Neisse
32%
217Ruhr
28%
371Ems
20%
325Havel
20%
413Saale
20%
218Fulda
16%
248Lech
16%
257Elster Blanche
8%
281Leine
8%
255Lippe
8%
263Aller
4%

Distribution des résultats

Percentile par nombre de réponses

% des personnes avec chaque résultat

Votre développement - résultats

Vous n’avez pas pris ce quiz depuis la dernière actualisation